00646 2200205 4500001002100000005001500021035002000036007000300056008004100059020002200100082001800122084002400140100007100164245009700235260003500332300004200367650000900409650001000418600001200428INLIS00000000000150820250924103234 a0010-0925000022ta250924 g 0 ind  a978-602-344-142-6 a087.5:631.312 a087.5:631.312 KEM t0 aKementerian Pertanian, Badan Penelitian dan Pengembangan Pertanian1 aTOTO SI TRAKTOR CERDAS /cKementerian Pertanian, Badan Penelitian dan Pengembangan Pertanian aJakarta :bIAARD Press,c2016. aiv, 44 hlm. :bilus, ;c15 cm x 21 cm 4aBuku 4aKomik 4aTRAKTOR